Untapped Power: (Record no. 615021)

000 -LEADER
fixed length control field 00348nam a22001097a 4500
020 ## - INTERNATIONAL STANDARD BOOK NUMBER
International Standard Book Number 978-0197611616
082 ## - DEWEY DECIMAL CLASSIFICATION NUMBER
Classification number 303.484
Author Mark UNT
245 ## - TITLE STATEMENT
Title Untapped Power:
Remainder of title Leveraging Diversity and Inclusion for Conflict and Development /
Statement of responsibility, etc. Carla Koppell (Editor)
260 ## - PUBLICATION, DISTRIBUTION, ETC.
Place of publication, distribution, etc. New York;
Name of publisher, distributor, etc. Oxford University Press,
Date of publication, distribution, etc. 2022.
300 ## - PHYSICAL DESCRIPTION
Extent 549p. ;
942 ## - ADDED ENTRY ELEMENTS (KOHA)
Source of classification or shelving scheme
Koha item type Book
Holdings
Withdrawn status Lost status Source of classification or shelving scheme Damaged status Not for loan Permanent Location Current Location Shelving location Date acquired Total Checkouts Full call number Barcode Date last seen Price effective from Koha item type
          Central Library (CL) Central Library (CL) Lincoln Corner 10/03/2025   303.484 UNT LC-455 10/03/2025 10/03/2025 Book
© 2023 Central Library, National University of Sciences and Technology. All Rights Reserved.